[Event "London Classic op 8th"]
[Site "London"]
[Date "2016.12.13"]
[Round "6"]
[White "Tarhon, Brian"]
[Black "Praggnanandhaa, Rameshbabu"]
[Result "1-0"]
[WhiteElo "2299"]
[BlackElo "2452"]
[PlyCount "87"]
[EventDate "2016.12.09"]
[EventType "swiss"]
[EventRounds "9"]
[EventCountry "ENG"]
[SourceTitle "CBM 176 Extra"]
[Source "ChessBase"]
[SourceDate "2017.03.02"]
[SourceVersion "1"]
[SourceVersionDate "2017.03.02"]
[SourceQuality "1"]

1. e4 c5 2. Nf3 d6 3. d4 cxd4 4. Nxd4 Nf6 5. Nc3 a6 6. Be3 e5 7. Nb3 Be6 8. Be2 Be7 9. 0-0 0-0 10. Qd3 Nbd7 11. Nd5 Bxd5 12. exd5 Nc5 13. Nxc5 dxc5 14. c4 e4 15. Qc2 Qc7 16. f4 Bd6 17. g3 Rae8 18. Rae1 Nd7 19. Kh1 f5 20. g4 g5 21. Qc1 Nf6 22. gxf5 g4 23. Qc3 h5 24. Bd1 Re7 25. Re2 Rg7 26. Rg2 b6 27. a3 Qd7 28. b4 Qxf5 29. bxc5 bxc5 30. Qe1 Nd7 31. Kg1 Rb8 32. Bd2 Rb1 33. Bc3 Rf7 34. Bxg4 hxg4 35. Qxb1 Bxf4 36. Bd2 e3 37. Qxf5 Rxf5 38. Rxg4+ Kh7 39. Rgxf4 Rg5+ 40. Kh1 exd2 41. Rf7+ Kh6 42. Rxd7 Re5 43. Rd6+ Kh7 44. Re6 1-0

[Event "Zalakaros op 35th"]
[Site "Zalakaros"]
[Date "2016.06.04"]
[Round "9"]
[White "Havasi, Gergo"]
[Black "Tarhon, Brian"]
[Result "1-0"]
[WhiteElo "2367"]
[BlackElo "2285"]
[PlyCount "87"]
[EventDate "2016.05.27"]
[EventType "swiss"]
[EventRounds "9"]
[EventCountry "HUN"]
[SourceTitle "CBM 172 Extra"]
[Source "ChessBase"]
[SourceDate "2016.06.21"]
[SourceVersion "1"]
[SourceVersionDate "2016.06.21"]
[SourceQuality "1"]

1. e4 c5 2. Nf3 e6 3. d4 cxd4 4. Nxd4 Nc6 5. Nc3 Qc7 6. Be3 a6 7. Qd2 Nf6 8. f4 Bb4 9. Bd3 Na5 10. a3 Bxc3 11. Qxc3 Qxc3+ 12. bxc3 d5 13. e5 Ne4 14. Nb3 Nc4 15. Bxc4 dxc4 16. Na5 b5 17. Bd4 f5 18. exf6 gxf6 19. 0-0 0-0 20. Rae1 f5 21. Rf3 h6 22. Rxe4 fxe4 23. Rg3+ Kf7 24. Nc6 e5 25. Nxe5+ Ke6 26. Rg6+ Rf6 27. g4 Rxg6 28. Nxg6 h5 29. f5+ Kf7 30. h3 hxg4 31. hxg4 Bb7 32. Ne5+ Kf6 33. Nf3+ Ke7 34. Ng5 e3 35. f6+ Kd6 36. Bxe3 Ke5 37. Bd4+ Kf4 38. Ne6+ Kxg4 39. f7 Kf3 40. Kf1 Bd5 41. f8Q+ Rxf8 42. Nxf8 Be4 43. Ne6 Bxc2 44. Nc7 1-0

[Event "Zalakaros op 35th"]
[Site "Zalakaros"]
[Date "2016.06.03"]
[Round "8"]
[White "Tarhon, Brian"]
[Black "Kantor, Gergely"]
[Result "0-1"]
[WhiteElo "2285"]
[BlackElo "2424"]
[PlyCount "84"]
[EventDate "2016.05.27"]
[EventType "swiss"]
[EventRounds "9"]
[EventCountry "HUN"]
[SourceTitle "CBM 172 Extra"]
[Source "ChessBase"]
[SourceDate "2016.06.21"]
[SourceVersion "1"]
[SourceVersionDate "2016.06.21"]
[SourceQuality "1"]

1. e4 e5 2. Nf3 Nc6 3. Bb5 a6 4. Ba4 Nf6 5. 0-0 Be7 6. Re1 b5 7. Bb3 d6 8. c3 0-0 9. h3 Na5 10. Bc2 c5 11. d4 Qc7 12. Nbd2 Re8 13. Nf1 g6 14. Ng3 Bf8 15. d5 Bd7 16. b3 Bg7 17. Be3 Nb7 18. a4 bxa4 19. bxa4 Na5 20. Qe2 Reb8 21. Rab1 Be8 22. Rxb8 Qxb8 23. Rb1 Qc7 24. c4 Rb8 25. Nd2 Rxb1+ 26. Nxb1 Qb6 27. Qd3 Bf8 28. Bd2 Be7 29. Nf1 Bd8 30. Ne3 Bd7 31. Kh2 h5 32. g3 h4 33. g4 Nh7 34. Ng2 Qb2 35. f4 exf4 36. Bxf4 Ng5 37. Bxd6 Nxc4 38. Bxc5 Ne5 39. Qd1 Nef3+ 40. Kh1 Qe5 41. Bg1 Bb6 42. Nxh4 Nxg1 0-1

[Event "Zalakaros op 35th"]
[Site "Zalakaros"]
[Date "2016.06.01"]
[Round "6"]
[White "Tarhon, Brian"]
[Black "Dolana, Andrei Theodor"]
[Result "1-0"]
[WhiteElo "2285"]
[BlackElo "2354"]
[PlyCount "31"]
[EventDate "2016.05.27"]
[EventType "swiss"]
[EventRounds "9"]
[EventCountry "HUN"]
[SourceTitle "CBM 172 Extra"]
[Source "ChessBase"]
[SourceDate "2016.06.21"]
[SourceVersion "1"]
[SourceVersionDate "2016.06.21"]
[SourceQuality "1"]

1. e4 c5 2. Nf3 e6 3. d4 cxd4 4. Nxd4 Nc6 5. Nc3 Qc7 6. Be2 Nf6 7. 0-0 a6 8. Be3 Be7 9. f4 d6 10. Bf3 0-0 11. Qd2 Nxd4 12. Bxd4 e5 13. Be3 exf4 14. Bxf4 Qb6+ 15. Be3 Qxb2 16. a3 1-0

[Event "Zalakaros op 35th"]
[Site "Zalakaros"]
[Date "2016.05.28"]
[Round "2"]
[White "Tarhon, Brian"]
[Black "Aryan, Chopra"]
[Result "0-1"]
[WhiteElo "2285"]
[BlackElo "2459"]
[PlyCount "118"]
[EventDate "2016.05.27"]
[EventType "swiss"]
[EventRounds "9"]
[EventCountry "HUN"]
[SourceTitle "CBM 172 Extra"]
[Source "ChessBase"]
[SourceDate "2016.06.21"]
[SourceVersion "1"]
[SourceVersionDate "2016.06.21"]
[SourceQuality "1"]

1. e4 e5 2. Nf3 Nc6 3. Bb5 a6 4. Ba4 Nf6 5. 0-0 b5 6. Bb3 Bc5 7. c3 d6 8. d4 Bb6 9. h3 0-0 10. a4 Rb8 11. Re1 Bb7 12. Be3 exd4 13. cxd4 Na5 14. d5 Bxe3 15. Rxe3 c5 16. dxc6 Bxc6 17. axb5 Nxb3 18. Qxb3 Bxe4 19. Nd4 Qb6 20. Qd1 axb5 21. Nc3 Bg6 22. Ndxb5 Qc5 23. Nd4 Rb4 24. Nf3 h6 25. b3 Rfb8 26. Na4 Qd5 27. Nd2 Qb7 28. Rc1 Nd5 29. Rg3 Nf4 30. Nc4 d5 31. Ne5 Bh5 32. Ng4 Kh8 33. Nc5 Qb5 34. Nd3 Rd4 35. Nxf4 Rxd1+ 36. Rxd1 Bxg4 37. hxg4 Rd8 38. Rgd3 Qb4 39. Nxd5 Qxg4 40. Ne3 Rxd3 41. Rxd3 Qe4 42. Rd8+ Kh7 43. Rb8 f5 44. b4 f4 45. Nf1 Qe5 46. Rb7 Qd5 47. Rb8 Qd6 48. Rb7 h5 49. b5 Kg8 50. b6 Kh7 51. Nh2 Kh6 52. Nf3 g5 53. Kh2 g4 54. Nh4 f3+ 55. g3 Qd2 56. Re7 Qxf2+ 57. Kh1 Qf1+ 58. Kh2 Qh3+ 59. Kg1 Qxg3+ 0-1

[Event "BCF-chT1d 1516 (4NCL) Demotion pool"]
[Site "England"]
[Date "2016.04.30"]
[Round "9.161"]
[White "Zakarian, David"]
[Black "Tarhon, Brian"]
[Result "0-1"]
[WhiteElo "2379"]
[BlackElo "2228"]
[PlyCount "118"]
[EventDate "2015.11.14"]
[EventType "team-tourn"]
[EventRounds "4"]
[EventCountry "ENG"]
[SourceTitle "EXT 2017"]
[Source "ChessBase"]
[SourceDate "2016.10.25"]
[SourceVersion "1"]
[SourceVersionDate "2016.10.25"]
[SourceQuality "1"]
[WhiteTeam "Oxford"]
[BlackTeam "Sussex Martlets"]
[WhiteTeamCountry "ENG"]
[BlackTeamCountry "ENG"]

1. e4 c5 2. Nf3 e6 3. b3 Nc6 4. Bb5 Nge7 5. 0-0 d6 6. Bb2 a6 7. Be2 e5 8. Nc3 g6 9. Bc4 b5 10. Bd5 Bg7 11. d3 0-0 12. Nd2 Nxd5 13. Nxd5 Be6 14. f4 Bxd5 15. exd5 Nb4 16. fxe5 dxe5 17. Ne4 Qxd5 18. a3 f5 19. axb4 fxe4 20. Rxf8+ Rxf8 21. dxe4 Qxd1+ 22. Rxd1 cxb4 23. c3 bxc3 24. Bxc3 Rc8 25. Rd3 Kf7 26. Rd7+ Ke6 27. Rxg7 Rxc3 28. Ra7 Kd6 29. b4 Rc4 30. Rxa6+ Ke7 31. Ra7+ Kf6 32. Rxh7 Rxe4 33. Kf2 Rxb4 34. Ke3 Kf5 35. Rf7+ Kg5 36. Re7 Kf6 37. Re8 Rb2 38. Kf3 b4 39. h4 Rb3+ 40. Ke4 Rg3 41. Rf8+ Ke6 42. Rb8 Rg4+ 43. Kf3 Rxh4 44. g4 Rh3+ 45. Ke4 Rg3 46. Rb6+ Kf7 47. Kxe5 Rxg4 48. Rb7+ Ke8 49. Ke6 Kd8 50. Kd6 Kc8 51. Rb5 Rf4 52. Rg5 Rf6+ 53. Kc5 b3 54. Rg3 b2 55. Rb3 Rf2 56. Kb4 Kd7 57. Ka3 Ke6 58. Ka2 Kf5 59. Rb8 Kg4 0-1

[Event "London Crouch op"]
[Site "London"]
[Date "2016.04.07"]
[Round "6"]
[White "Tarhon, Brian"]
[Black "Wadsworth, Matthew J"]
[Result "1/2-1/2"]
[WhiteElo "2293"]
[BlackElo "2290"]
[PlyCount "55"]
[EventDate "2016.04.02"]
[EventType "swiss"]
[EventRounds "9"]
[EventCountry "ENG"]
[SourceTitle "CBM 171 Extra"]
[Source "ChessBase"]
[SourceDate "2016.04.26"]
[SourceVersion "1"]
[SourceVersionDate "2016.04.26"]
[SourceQuality "1"]

1. e4 Nf6 2. e5 Nd5 3. d4 d6 4. Nf3 dxe5 5. Nxe5 c6 6. Bd3 Nd7 7. Nxd7 Bxd7 8. 0-0 g6 9. Nc3 Bg7 10. Nxd5 cxd5 11. c3 0-0 12. Bf4 Re8 13. Re1 Qb6 14. Qb3 Bc6 15. Qxb6 axb6 16. a3 b5 17. Rad1 e6 18. Bd6 f6 19. f4 Kf7 20. g3 Rad8 21. Bc5 h5 22. Kg2 Bh6 23. Kf3 g5 24. h3 h4 25. fxg5 Bxg5 26. gxh4 Bxh4 27. Rg1 f5 28. Rdf1 1/2-1/2

[Event "London Crouch op"]
[Site "London"]
[Date "2016.04.06"]
[Round "5"]
[White "Gormally, Daniel"]
[Black "Tarhon, Brian"]
[Result "1-0"]
[WhiteElo "2490"]
[BlackElo "2293"]
[PlyCount "73"]
[EventDate "2016.04.02"]
[EventType "swiss"]
[EventRounds "9"]
[EventCountry "ENG"]
[SourceTitle "CBM 171 Extra"]
[Source "ChessBase"]
[SourceDate "2016.04.26"]
[SourceVersion "1"]
[SourceVersionDate "2016.04.26"]
[SourceQuality "1"]

1. d4 Nf6 2. c4 e6 3. Nf3 b6 4. g3 Bb4+ 5. Nbd2 Bb7 6. Bg2 0-0 7. 0-0 d5 8. cxd5 exd5 9. Ne5 Nbd7 10. Ndf3 Be7 11. b3 Ne4 12. Bb2 c5 13. Rc1 Rc8 14. Bh3 f5 15. Rc2 Bd6 16. Nxd7 Qxd7 17. dxc5 bxc5 18. e3 g6 19. Nd2 Nf6 20. Bg2 Qe6 21. Bxf6 Rxf6 22. Nb1 Rf7 23. Nc3 d4 24. Bxb7 Rxb7 25. exd4 c4 26. d5 Qf7 27. Ne2 Rbc7 28. Rxc4 Rxc4 29. bxc4 Rxc4 30. Qd3 Rc5 31. Rd1 Qd7 32. Qe3 Qc7 33. Qe8+ Kg7 34. Nd4 Qc8 35. Ne6+ Kf6 36. Qa4 Rc1 37. Qh4+ 1-0

[Event "BCF-chT1b 1516 (4NCL)"]
[Site "England"]
[Date "2016.03.19"]
[Round "7.161"]
[White "Adair, James R"]
[Black "Tarhon, Brian"]
[Result "1-0"]
[WhiteElo "2454"]
[BlackElo "2228"]
[PlyCount "99"]
[EventDate "2015.11.14"]
[EventType "team-swiss"]
[EventRounds "11"]
[EventCountry "ENG"]
[SourceTitle "CBM 171 Extra"]
[Source "ChessBase"]
[SourceDate "2016.04.26"]
[SourceVersion "1"]
[SourceVersionDate "2016.04.26"]
[SourceQuality "1"]
[WhiteTeam "White Rose"]
[BlackTeam "Sussex Martlets"]
[WhiteTeamCountry "ENG"]
[BlackTeamCountry "ENG"]

1. e4 c5 2. Nf3 e6 3. d4 cxd4 4. Nxd4 Nf6 5. Nc3 d6 6. g4 e5 7. Bb5+ Bd7 8. Bxd7+ Nbxd7 9. Nf5 g6 10. Ne3 Nc5 11. Qf3 Ne6 12. Ned5 Nxd5 13. Nxd5 Be7 14. Bh6 Bg5 15. Bxg5 Nxg5 16. Qe3 h5 17. f4 Ne6 18. f5 Nf4 19. 0-0-0 Nxd5 20. Rxd5 hxg4 21. Rhd1 Qh4 22. fxg6 Qh6 23. gxf7+ Ke7 24. Qd2 Qxd2+ 25. R5xd2 Rh6 26. Rg1 Rh4 27. Rdg2 Rf8 28. Rxg4 Rxh2 29. Rg8 Rh7 30. Rxf8 Kxf8 31. Rg6 Kxf7 32. Rxd6 Ke7 33. Rd5 Kf6 34. b3 b6 35. a4 Rh4 36. Rd7 Rxe4 37. Rxa7 Kf5 38. Rf7+ Ke6 39. Rb7 Rb4 40. Kd2 Kd5 41. Kc3 Rh4 42. Rxb6 Rh3+ 43. Kb2 e4 44. Rb8 e3 45. Re8 Kd4 46. a5 Rh6 47. b4 Rh5 48. a6 Rh7 49. Kb3 Rh2 50. c3+ 1-0

[Event "Crawley e2e4 Gatwick op"]
[Site "Crawley"]
[Date "2016.02.19"]
[Round "1"]
[White "Tarhon, Brian"]
[Black "Fryer, David William"]
[Result "1-0"]
[WhiteElo "2271"]
[BlackElo "1978"]
[PlyCount "57"]
[EventDate "2016.02.19"]
[EventType "swiss"]
[EventRounds "5"]
[EventCountry "ENG"]
[SourceTitle "CBM 171 Extra"]
[Source "ChessBase"]
[SourceDate "2016.04.26"]
[SourceVersion "1"]
[SourceVersionDate "2016.04.26"]
[SourceQuality "1"]

1. e4 d6 2. d4 Nf6 3. Nc3 e5 4. Nge2 Nbd7 5. h3 Be7 6. g4 0-0 7. Bg2 c6 8. a4 a5 9. 0-0 Kh8 10. Ng3 g6 11. Be3 Ne8 12. f4 Ng7 13. Qd2 Qe8 14. b3 f6 15. f5 exd4 16. Bxd4 g5 17. Bf3 Ne5 18. Be2 Bd8 19. Kg2 Qe7 20. Rh1 Nf7 21. h4 b6 22. hxg5 Nxg5 23. Rh6 Qd7 24. Rah1 Ba6 25. Bxa6 Rxa6 26. Nh5 Nxh5 27. Qxg5 c5 28. Qxh5 Ra7 29. Bf2 1-0

[Event "BCF-chT1b 1516 (4NCL)"]
[Site "England"]
[Date "2016.02.14"]
[Round "6.182"]
[White "Tarhon, Brian"]
[Black "Rendle, Thomas E"]
[Result "1/2-1/2"]
[WhiteElo "2271"]
[BlackElo "2369"]
[PlyCount "38"]
[EventDate "2015.11.14"]
[EventType "team-swiss"]
[EventRounds "11"]
[EventCountry "ENG"]
[SourceTitle "CBM 170 Extra"]
[Source "ChessBase"]
[SourceDate "2016.02.25"]
[SourceVersion "1"]
[SourceVersionDate "2016.02.25"]
[SourceQuality "1"]
[WhiteTeam "Sussex Martlets"]
[BlackTeam "Grantham Sharks"]
[WhiteTeamCountry "ENG"]
[BlackTeamCountry "ENG"]

1. e4 e6 2. d4 d5 3. Nd2 a6 4. exd5 exd5 5. Bd3 Nc6 6. c3 Bd6 7. Ne2 Qf6 8. 0-0 Bf5 9. Nf3 Nge7 10. Bg5 Qg6 11. Bxf5 Qxf5 12. Qd2 0-0 13. Bf4 Rad8 14. Bxd6 Rxd6 15. Rfe1 Ng6 16. Ng3 Qf4 17. Re3 Re6 18. Rae1 Rfe8 19. Qd3 Rxe3 1/2-1/2

[Event "Edward Lasker Memorial 99th"]
[Site "New York"]
[Date "2015.12.12"]
[Round "2"]
[White "Tarhon, Brian"]
[Black "Jeffrey, James"]
[Result "1-0"]
[WhiteElo "2228"]
[BlackElo "1839"]
[PlyCount "55"]
[EventDate "2015.12.11"]
[EventType "swiss"]
[EventRounds "9"]
[EventCountry "USA"]
[SourceTitle "CBM 170 Extra"]
[Source "ChessBase"]
[SourceDate "2016.02.25"]
[SourceVersion "1"]
[SourceVersionDate "2016.02.25"]
[SourceQuality "1"]

1. e4 c5 2. Nf3 e6 3. d4 cxd4 4. Nxd4 Nf6 5. Nc3 d6 6. Be3 a6 7. f3 Qc7 8. g4 b5 9. a3 Bb7 10. Qd2 Nc6 11. 0-0-0 Rc8 12. Nxc6 Bxc6 13. h4 Be7 14. g5 Nd7 15. h5 Ne5 16. Be2 Qb7 17. f4 Nc4 18. Bxc4 bxc4 19. Qd4 Rb8 20. h6 Qxb2+ 21. Kd2 e5 22. hxg7 Rg8 23. fxe5 dxe5 24. Qxe5 Rd8+ 25. Ke1 Rxd1+ 26. Kxd1 Bxe4 27. Qxe4 Qxc3 28. Qc6+ 1-0

[Event "Edward Lasker Memorial 99th"]
[Site "New York"]
[Date "2015.12.11"]
[Round "1"]
[White "Checa, Nicolas D"]
[Black "Tarhon, Brian"]
[Result "1-0"]
[WhiteElo "2427"]
[BlackElo "2228"]
[PlyCount "163"]
[EventDate "2015.12.11"]
[EventType "swiss"]
[EventRounds "9"]
[EventCountry "USA"]
[SourceTitle "CBM 170 Extra"]
[Source "ChessBase"]
[SourceDate "2016.02.25"]
[SourceVersion "1"]
[SourceVersionDate "2016.02.25"]
[SourceQuality "1"]

1. d4 Nf6 2. c4 e6 3. Nf3 b6 4. g3 Bb4+ 5. Bd2 Bxd2+ 6. Qxd2 Bb7 7. Bg2 0-0 8. Nc3 d6 9. Qc2 c5 10. d5 exd5 11. Ng5 g6 12. cxd5 b5 13. Nge4 Nxe4 14. Bxe4 b4 15. Nd1 Nd7 16. Bg2 f5 17. 0-0 Qe7 18. Ne3 a5 19. Rad1 a4 20. Rfe1 a3 21. b3 Ba6 22. Bh3 Rac8 23. Ng2 Nf6 24. e4 fxe4 25. Bxc8 Bxc8 26. f3 Qa7 27. fxe4 c4+ 28. Kh1 cxb3 29. Qxb3 Ng4 30. h3 Nf2+ 31. Kh2 Nxd1 32. Rxd1 Qf2 33. Qc4 Bd7 34. Qxb4 Qxa2 35. Qxd6 Ba4 36. Rc1 Qb2 37. Rc7 Be8 38. Qe7 Bf7 39. Ra7 a2 40. Qa3 Qxa3 41. Rxa3 Re8 42. Rxa2 Rxe4 43. Rd2 Kf8 44. d6 Ke8 45. Nf4 Re5 46. Rb2 g5 47. Rb8+ Kd7 48. Rb7+ Ke8 49. Nd3 Rd5 50. Re7+ Kf8 51. Ne5 Be8 52. Rxh7 Rxd6 53. Rh8+ Ke7 54. Rg8 Rd5 55. Nf3 Ra5 56. Rxg5 Ra2+ 57. Kg1 Bc6 58. Nd4 Bd7 59. h4 Kf6 60. Nf3 Bc6 61. Ne5 Ba8 62. Ng4+ Kf7 63. h5 Be4 64. h6 Ra6 65. Kf2 Re6 66. Rh5 Kg8 67. Rg5+ Kh7 68. Rg7+ Kh8 69. Rf7 Bg6 70. Rf6 Rxf6+ 71. Nxf6 Bd3 72. Ke3 Be2 73. Kf4 Bf3 74. g4 Be2 75. g5 Bd3 76. Ke5 Bc2 77. Nd7 Kh7 78. Kf6 Bb1 79. Nf8+ Kg8 80. g6 Kh8 81. g7+ Kg8 82. h7+ 1-0

[Event "Philadelphia National op 46th"]
[Site "Philadelphia"]
[Date "2015.11.28"]
[Round "4"]
[White "Tarhon, Brian"]
[Black "Molner, Mackenzie"]
[Result "0-1"]
[WhiteElo "2139"]
[BlackElo "2468"]
[PlyCount "86"]
[EventDate "2015.11.27"]
[EventType "swiss"]
[EventRounds "6"]
[EventCountry "USA"]
[SourceTitle "CBM 169 Extra"]
[Source "ChessBase"]
[SourceDate "2015.12.18"]
[SourceVersion "1"]
[SourceVersionDate "2015.12.18"]
[SourceQuality "1"]

1. e4 c5 2. Nf3 d6 3. d4 cxd4 4. Nxd4 Nf6 5. Nc3 a6 6. Bg5 Nbd7 7. Qf3 e6 8. 0-0-0 Be7 9. Be2 Qc7 10. Qg3 Nc5 11. Bxf6 Bxf6 12. Nb3 0-0 13. Nxc5 Qxc5 14. Qxd6 Qxf2 15. Qg3 Qxg3 16. hxg3 Be5 17. g4 b5 18. Bf3 Bb7 19. Ne2 Rfc8 20. Kb1 Rc4 21. b3 Rc7 22. g5 Rac8 23. Rd2 g6 24. Rhd1 Bg7 25. Rd8+ Bf8 26. Rxc8 Bxc8 27. Nf4 Be7 28. Nh3 e5 29. Kb2 Be6 30. a3 a5 31. Rd3 b4 32. a4 Bc5 33. Be2 Bd4+ 34. Kb1 Kg7 35. Kc1 Bc8 36. Rg3 Rc6 37. Bc4 f5 38. gxf6+ Rxf6 39. Ng5 h6 40. Nh3 g5 41. Be2 g4 42. Rxg4+ Bxg4 43. Bxg4 Rd6 0-1

[Event "Richardson UTD Fall op"]
[Site "Richardson"]
[Date "2014.11.24"]
[Round "6"]
[White "Toolin, Christopher"]
[Black "Tarhon, Brian"]
[Result "1/2-1/2"]
[WhiteElo "2192"]
[BlackElo "2069"]
[PlyCount "145"]
[EventDate "2014.11.21"]
[EventType "swiss"]
[EventRounds "9"]
[EventCountry "USA"]
[SourceTitle "CBM 163 Extra"]
[Source "ChessBase"]
[SourceDate "2014.12.23"]
[SourceVersion "1"]
[SourceVersionDate "2014.12.23"]
[SourceQuality "1"]

1. Nf3 Nf6 2. g3 d5 3. Bg2 c6 4. 0-0 Bg4 5. d4 Nbd7 6. Nbd2 e6 7. c4 Be7 8. b3 0-0 9. Bb2 Bxf3 10. Bxf3 Qc7 11. Rc1 Rac8 12. Bg2 Rfd8 13. Qc2 h6 14. Rfd1 a6 15. a3 Qb8 16. e4 dxe4 17. Nxe4 Nxe4 18. Qxe4 Nf6 19. Qe2 Rd7 20. Rc2 Rcd8 21. Bh3 Ne8 22. Rcd2 Bf6 23. Rd3 g6 24. R1d2 Bg7 25. a4 Qa7 26. Qd1 Kh7 27. Bg2 c5 28. d5 Bxb2 29. Rxb2 exd5 30. Bxd5 b6 31. Rbd2 Qc7 32. h4 h5 33. Qf3 Kg7 34. Qd1 Kh7 35. Qa1 Ng7 36. a5 Nf5 37. axb6 Qxb6 38. Ra2 Ra7 39. Qe5 Re7 40. Qa1 Rd6 41. Rf3 f6 42. Rxf5 gxf5 43. Qd1 Kg6 44. Rd2 Qb4 45. Kg2 Rb6 46. Rd3 Qe1 47. Qf3 Qe2 48. Qxe2 Rxe2 49. Bf3 Rb2 50. Rd5 R6xb3 51. Rxc5 Ra3 52. Bc6 f4 53. gxf4 Raa2 54. Be8+ Kg7 55. Bxh5 Rxf2+ 56. Kg3 Rg2+ 57. Kh3 Rh2+ 58. Kg3 Rag2+ 59. Kf3 Rf2+ 60. Ke3 Ra2 61. Rc7+ Kh6 62. Bg4 Ra5 63. Ke4 Rg2 64. Bf5 Re2+ 65. Kf3 Rxf5 66. Kxe2 Rxf4 67. Kd3 Rxh4 68. c5 Rh1 69. Rc6 Kg5 70. Rxa6 Rc1 71. c6 f5 72. Kd4 Kg4 73. Ra4 1/2-1/2

[Event "US Masters op"]
[Site "Greensboro"]
[Date "2014.08.31"]
[Round "7"]
[White "Tarhon, Brian"]
[Black "Studen, Damir"]
[Result "0-1"]
[WhiteElo "1963"]
[BlackElo "2264"]
[PlyCount "114"]
[EventDate "2014.08.28"]
[EventType "swiss"]
[EventRounds "9"]
[EventCountry "USA"]
[SourceTitle "CBM 162 Extra"]
[Source "ChessBase"]
[SourceDate "2014.10.17"]
[SourceVersion "1"]
[SourceVersionDate "2014.10.17"]
[SourceQuality "1"]

1. e4 d5 2. exd5 Qxd5 3. Nc3 Qd6 4. d4 c6 5. Nf3 Bg4 6. Be2 Nf6 7. h3 Bxf3 8. Bxf3 e6 9. 0-0 Be7 10. Ne2 0-0 11. Bf4 Qd8 12. c4 Bd6 13. Bxd6 Qxd6 14. Qb3 b6 15. Rad1 Nbd7 16. Nc3 Rac8 17. Qc2 Qc7 18. b3 Rfd8 19. Rd2 Nf8 20. Rfd1 h6 21. g3 Rd7 22. Bg2 Rcd8 23. Kh2 Ng6 24. Ne4 Nxe4 25. Qxe4 Ne7 26. Rd3 Rd6 27. h4 Qd7 28. Qe2 Nf5 29. d5 exd5 30. cxd5 c5 31. Bh3 Qe7 32. Qd2 Nd4 33. Re1 Qf6 34. Bg2 R6d7 35. Rde3 g6 36. b4 Kg7 37. bxc5 bxc5 38. Rc1 Qb6 39. Rec3 Qa5 40. Qb2 Qb4 41. Qa1 Kh7 42. Rxc5 Qd2 43. R1c4 Nf5 44. Rc2 Qb4 45. Qf6 Qd4 46. Qxd4 Nxd4 47. R2c4 Nf5 48. Rc8 Rxc8 49. Rxc8 Ne7 50. Rc5 Kg7 51. a4 Kf6 52. f4 Rd6 53. Ra5 a6 54. Bf1 Kg7 55. Bc4 Rd7 56. Kg2 Kf8 57. Kf3 Rc7 0-1

[Event "Crawley e2e4 Gatwick op 11"]
[Site "Crawley"]
[Date "2013.11.03"]
[Round "4"]
[White "Dixit, Kumar"]
[Black "Tarhon, Brian"]
[Result "1/2-1/2"]
[WhiteElo "1917"]
[BlackElo "1925"]
[PlyCount "83"]
[EventDate "2013.11.01"]
[EventType "swiss"]
[EventRounds "5"]
[EventCountry "ENG"]
[SourceTitle "EXT 2014"]
[Source "ChessBase"]
[SourceDate "2013.11.20"]
[SourceVersion "1"]
[SourceVersionDate "2013.11.20"]
[SourceQuality "1"]

1. d4 Nf6 2. Nf3 e6 3. c4 b6 4. g3 Ba6 5. b3 Bb4+ 6. Bd2 Be7 7. Bg2 d5 8. Ne5 0-0 9. Bc3 c6 10. 0-0 Nfd7 11. Nxd7 Nxd7 12. Nd2 Rc8 13. e4 dxe4 14. Nxe4 Nf6 15. Qc2 Qc7 16. Rad1 h6 17. Ba1 Rfd8 18. Rfe1 Rd7 19. Rd2 Rcd8 20. Red1 Bb7 21. Nc3 a6 22. Bb2 b5 23. c5 Ne8 24. b4 Bf6 25. Ne4 a5 26. a3 Ra8 27. f4 Be7 28. Bh3 Bc8 29. Bg2 Nf6 30. Nc3 axb4 31. axb4 Nd5 32. Nxd5 exd5 33. Re1 Bb7 34. Rde2 Bf8 35. Bc1 Re7 36. Kf2 Rae8 37. Rxe7 Rxe7 38. Rxe7 Bxe7 39. Qe2 Bf6 40. Qe8+ Kh7 41. Be3 Bc8 42. Bf3 1/2-1/2

[Event "Crawley e2e4 Gatwick op 11"]
[Site "Crawley"]
[Date "2013.11.02"]
[Round "3"]
[White "Tarhon, Brian"]
[Black "Atako, Chino"]
[Result "1-0"]
[WhiteElo "1925"]
[BlackElo "2101"]
[PlyCount "189"]
[EventDate "2013.11.01"]
[EventType "swiss"]
[EventRounds "5"]
[EventCountry "ENG"]
[SourceTitle "EXT 2014"]
[Source "ChessBase"]
[SourceDate "2013.11.20"]
[SourceVersion "1"]
[SourceVersionDate "2013.11.20"]
[SourceQuality "1"]

1. e4 c5 2. Nf3 Nc6 3. d4 cxd4 4. Nxd4 g6 5. Nc3 Bg7 6. Be3 Nf6 7. Bc4 Qa5 8. 0-0 0-0 9. Bb3 d6 10. h3 Bd7 11. Re1 Rac8 12. a3 Ne5 13. Qe2 Rxc3 14. Bd2 Rxc2 15. Bxc2 Qb6 16. Bc3 Rc8 17. Nf3 Bb5 18. Qd1 Nxf3+ 19. Qxf3 Nd7 20. Bb3 Bc4 21. Bxc4 Rxc4 22. Bxg7 Kxg7 23. b3 Rc7 24. Rac1 Ne5 25. Qg3 a6 26. Rxc7 Qxc7 27. f4 Nd7 28. Qe3 f6 29. Rc1 Qb8 30. Qc3 Qa7+ 31. Kh2 Qf2 32. Qf3 Qb6 33. b4 a5 34. Qg4 Nf8 35. e5 axb4 36. exf6+ Kxf6 37. Qg5+ Kf7 38. axb4 Qxb4 39. f5 Qe4 40. f6 Ne6 41. Qh6 Qe5+ 42. Kg1 Qd4+ 43. Kh1 Qxf6 44. Qxh7+ Ng7 45. Rb1 b5 46. Rb3 Ke8 47. Qg8+ Qf8 48. Qd5 Qf1+ 49. Kh2 Nf5 50. Qc6+ Kf7 51. Rf3 Qe2 52. Qd5+ Kg7 53. Rb3 Qc4 54. Rxb5 Qf4+ 55. Kg1 Qe3+ 56. Kh2 Qf4+ 57. Kg1 Ne3 58. Qf3 Qd4 59. Rb1 Nc4+ 60. Qf2 Qxf2+ 61. Kxf2 Kf6 62. Ke2 d5 63. Kd3 e5 64. Rb8 Nd6 65. g4 Ne4 66. Rd8 Ke6 67. Re8+ Kf6 68. Rd8 Nc5+ 69. Kc3 d4+ 70. Kc4 Ne6 71. Rd6 Ke7 72. Kd5 Ng5 73. Rxg6 d3 74. Rb6 d2 75. Rb1 Nxh3 76. Rd1 e4 77. Rxd2 e3 78. Ra2 Kf6 79. Ke4 Nf2+ 80. Kf3 Kg5 81. Ra5+ Kg6 82. Re5 Nd1 83. Ke2 Nf2 84. Kf3 Nd1 85. g5 Kh5 86. Ke2 Nf2 87. Rxe3 Ng4 88. Rg3 Ne5 89. Ke3 Kg6 90. Kf4 Nf7 91. Re3 Kg7 92. Re6 Nd8 93. Ra6 Nf7 94. Kf5 Nd8 95. g6 1-0

[Event "EU-ch U12 23rd"]
[Site "Budva"]
[Date "2013.10.07"]
[Round "8"]
[White "Artsiomau, Stanislau"]
[Black "Tarhon, Brian"]
[Result "0-1"]
[WhiteElo "1785"]
[BlackElo "1927"]
[PlyCount "84"]
[EventDate "2013.09.29"]
[EventType "swiss"]
[EventRounds "9"]
[EventCountry "MNE"]
[SourceTitle "EXT 2014"]
[Source "ChessBase"]
[SourceDate "2013.11.20"]
[SourceVersion "1"]
[SourceVersionDate "2013.11.20"]
[SourceQuality "1"]

1. e4 c5 2. Nc3 Nc6 3. g3 g6 4. Bg2 Bg7 5. d3 d6 6. Be3 e5 7. Qd2 Nge7 8. Bh6 0-0 9. h4 Bxh6 10. Qxh6 f6 11. Nge2 Be6 12. Qd2 d5 13. h5 g5 14. exd5 Nxd5 15. Ne4 Qe7 16. h6 Nd4 17. c4 Nb4 18. Nxd4 exd4 19. Kf1 Rae8 20. a3 Nc6 21. Re1 Ne5 22. b3 Bg4 23. f4 Nf3 24. Bxf3 Bxf3 25. Rg1 Qd7 26. Kf2 Bxe4 27. dxe4 Qf7 28. f5 Re5 29. Qd3 Rfe8 30. g4 Qe7 31. Kf3 Qc7 32. Rg3 R5e7 33. Qd2 Rxe4 34. Rxe4 Rxe4 35. Kxe4 Qxg3 36. Qe2 Qe5+ 37. Kd3 Qxe2+ 38. Kxe2 Kf7 39. Kd3 Ke7 40. b4 Kd6 41. Ke4 a6 42. b5 a5 0-1